Generation of medical knowledge out of data

Gespeichert in:
Bibliographische Detailangaben
1. Verfasser: Skripčák, Tomáš, 1986- (Verfasst von)
Weitere Verfasser: Vorstermans, Annemie, 1- (xxx)
Format: Manuskript Buch
Sprache:Englisch
Veröffentlicht: STU v Bratislave MTF UIAM, 2010
Schlagworte:
Online-Zugang:VAIS
Tags: Tag hinzufügen
Keine Tags, Fügen Sie das erste Tag hinzu!

MARC

LEADER 00000ntm a22000003a 4500
001 stu206327
005 20150617230059.7
008 100702s2010------------------------eng-d
040 |a STU  |b slo 
041 0 |a eng 
100 1 |a Skripčák, Tomáš,  |d 1986-  |4 aut  |u M6000  |U MTF Materiálovotechnologická fakulta  |T MTF Ústav aplikovanej informatiky, automatizácie a matematiky  |X 29943  |U M6000  |Y 86  |7 A000029943 
242 0 0 |a Generovanie lekárskych poznatkov z dát  |y slo 
245 1 |a Generation of medical knowledge out of data 
260 |b STU v Bratislave MTF UIAM,  |c 2010 
650 7 |a dolovanie dát  |2 stusub 
700 1 |a Vorstermans, Annemie,  |d 1-  |4 xxx  |X 54980  |7 A000054980 
856 4 |a info a plný text  |u http://is.stuba.sk/zp/portal_zp.pl?podrobnosti=75174  |3 VAIS 
996 |c M*DP-9254  |l MMSKP  |s P  |a 0  |w stu206327_0001